| 000 | 00795nam a2200241 i 4500 | ||
|---|---|---|---|
| 001 | 15626 | ||
| 003 | ES-MaACL | ||
| 005 | 20250629062817.0 | ||
| 007 | t| | ||
| 008 | 000406s1989 mx ||||1| spa d | ||
| 020 | _a968-16-2425-4 | ||
| 080 | _a929 (Louis (44) XIV) | ||
| 100 | 0 |
_aLuis _bXIV, _cRey de Francia _974697 |
|
| 245 | 1 | 0 |
_aMemorias / _cLuis XIV ; [traducción de Aurelio Garzón del Camino]. |
| 250 | _a1ª ed. en español. | ||
| 260 |
_aMéxico : _bFondo de Cultura Económica, _c1989. |
||
| 300 |
_a218 p. ; _c23 cm. |
||
| 600 | 0 | 4 |
_aLuis _bXIV, _cRey de Francia _974697 |
| 651 | 4 |
_aFrancia- _xHistoria- _y1643-1715, Luis XIV- _vRelatos personales. _9155385 |
|
| 700 | 1 |
_aGarzón del Camino, Aurelio. _955821 |
|
| 852 |
_aES-MaACL _jL-22691 |
||
| 999 |
_c15626 _d15626 |
||